书目信息 |
| 题名: |
魏晋南北朝史探索
|
|
| 作者: | 郑欣 著 | |
| 分册: | ||
| 出版信息: | 济南 山东大学出版社 1989.08 |
|
| 页数: | 414页 | |
| 开本: | 21cm | |
| 丛书名: | ||
| 单 册: | ||
| 中图分类: | K235.07 | |
| 科图分类: | ||
| 主题词: | 中国--古代史--封建社会 | |
| 电子资源: | ||
| ISBN: | 7-5607-0200-7 | |
| 000 | 00554nam0 2200193 45 | |
| 001 | 0404300974 | |
| 005 | 20040430094146.6 | |
| 010 | @a7-5607-0200-7@dCNY6.50 | |
| 100 | @a20040430d1989 km y0chiy0120 ea | |
| 101 | 0 | @achi |
| 105 | @a z 000yy | |
| 200 | 1 | @a魏晋南北朝史探索@AWei Jin Nan Bei Chao Shi Tan Suo@f郑欣著@FZheng Xin Zhu |
| 210 | @a济南@c山东大学出版社@d1989.08 | |
| 215 | @a414页@d21cm | |
| 606 | 0 | @a中国@x古代史@x封建社会 |
| 690 | @aK235.07@v3 | |
| 701 | 0 | @a郑欣@4著 |
| 801 | @aCN@bTSTCL@c20040430 | |
| 905 | @f2@b256357-358@dK235.07@e36 | |
| 魏晋南北朝史探索/郑欣著.-济南:山东大学出版社,1989.08 |
| 414页;21cm |
| ISBN 7-5607-0200-7:CNY6.50 |
| ● |
| 相关链接 |
|
|
|
|
正题名:魏晋南北朝史探索
索取号:K235.07/36
 
预约/预借
| 序号 | 登录号 | 条形码 | 馆藏地/架位号 | 状态 | 备注 |
| 1 | 0256356 | 000639508 | 第二样本阅览室/ [索取号:K235.07/36] | 在馆 | |
| 2 | 0256357 | 000639483 | 第二借阅区/ [索取号:K235.07/36] | 在馆 | |
| 3 | 0256358 | 000639492 | 第二借阅区/ [索取号:K235.07/36] | 在馆 |